000 00419nam a2200169Ia 4500
008 230524s9999 xx 000 0 und d
082 _a540
_bAOR
100 _aJ.C.Kuriacose
245 0 _aChemistry in Engineering and Technology Vol-II
250 _a1ST
260 _aNEW DELHI
_bTMH
_c2001
300 _aXVIII;665
500 _aQuantity Number: 2
650 _aChemistry
700 _a J.Rajaraman
942 _cBK
999 _c30525
_d30525